| 000 | 00781nab a22002417a 4500 | ||
|---|---|---|---|
| 001 | 07585 | ||
| 003 | HDC | ||
| 007 | cr bn ---aaaaa | ||
| 008 | 210128c20160204my ||||| |||| 00| 0 may d | ||
| 040 | _aHDC | ||
| 100 |
_aRosniza Mohd Taha, _eauthor _98117 |
||
| 245 | 0 |
_aKerjasama industri, akademik bantu PKS / _cRosniza Mohd Taha. |
|
| 336 |
_atext _2rdacontent |
||
| 337 |
_acomputer _2rdamedia |
||
| 338 |
_aonline resource _2rdacarrier |
||
| 650 |
_aIndustrial training _98118 |
||
| 650 |
_aSmall business _9208 |
||
| 710 | _aBerita Harian | ||
| 856 | _zRequest full-text at [email protected] | ||
| 942 | _2lcc | ||
| 942 | _cNEWS | ||
| 942 | _kNWSC 002008 | ||
| 999 |
_c4908 _d4908 |
||